00907nam a22001577a 4500008004100000020001500041050001300056100002400069245008200093260005500175300002900230500001900259505044200278650001200720650001700732151030b xxu||||| |||| 00| 0 eng d a0721616445 aRT41.M78 aMonahan, Frances D. aNursind care of adult. /cFrances D. Monahan; Tanya Drake; Marianne Neighbors aPhiladelphia, Pennsylvania:bW.B. Saunders,c1994. alx, 1986p.bill.;c20cm. aIncludes index aContents: Health care of the older adult -- Aging: theories, process, and models -- Nursing care of older adults -- Medications of the older adult -- Common clinical problems of the older adult -- Cognitive impairment -- Common chronic conditions -- Common sensory problems -- Mental health and the older adult -- Psychosocial issues of the older adult -- Prevention and rehabilitation -- Special issues -- Care settings -- Legal issues. 2Nursing 2Nursing care